000 00512nam a22001817a 4500
003 CEME
005 20210628203454.0
008 210119b xxu||||| |||| 00| 0 eng d
020 _a9788184890297
040 _cceme
082 _a621.3 GRO
100 _aGrout, Ian .A
_965664
245 _aIntegrated circuit test engineering, modern techniques
260 _aDELHI
_bSPRINGER
_c2009
300 _aXXX,362P
650 _aINTEGRATED CIRCUIT TEST ENGINEERING.CIRCUIT TEST ENGINEERING
_965665
942 _cBK
_2ddc
999 _c573810
_d573810